| 000 | 00753cam a2200133 4500500 | ||
|---|---|---|---|
| 005 | 20260329023228.0 | ||
| 041 | _afre | ||
| 042 | _adc | ||
| 100 | 1 | 0 |
_aBuchsenschutz, Olivier _eauthor |
| 245 | 0 | 0 | _aLes Celtes : De l'âge du Fer |
| 260 |
_bArmand Colin,
_c2007. |
||
| 520 | _aUne mise au point actuelle sur une civilisation encore mystérieuse. Les Celtes sont présentés dans leur réalité sociale, religieuse, architecturale et économique. Loin de l'imagerie et du mythe, l'auteur s'attache à faire revivre cette société complexe et mal connue à travers les textes et en interrogeant les sources archéologiques les plus récentes. | ||
| 856 | 4 | 1 | _uhttps://shs.cairn.info/les-celtes--9782200267575?lang=fr&redirect-ssocas=7080 |
| 999 |
_c1925656 _d1925656 |
||